Medzinárodné desatinné triedenie medzinárodné stredné vydanie /FID 590/

Saved in:
Bibliographic Details
Format: Book
Language:Slovak
Published: Martin Matica slovenská 1981
Tags: Add Tag
No Tags, Be the first to tag this record!

MARC

LEADER 00000nam a2200000 4500
001 c111624
005 20041019155150.3
041 0 |a slo 
044 |a SK 
245 1 0 |a Medzinárodné desatinné triedenie  |b medzinárodné stredné vydanie /FID 590/ 
264 1 |a Martin  |b Matica slovenská  |c 1981 
300 |a 525 s.